LEADER 01020cam0-22003251i-450- 001 990004597210403321 005 20111018145059.0 035 $a000459721 035 $aFED01000459721 035 $a(Aleph)000459721FED01 035 $a000459721 100 $a19990604d1937----km-y0itay50------ba 101 0 $ager 102 $aDE 105 $ay-------001yy 200 1 $a<>Ägyptischen Listen palästinensischer und Syrischer Ortsnamen$ein Umschrift und mit historisch-archäologischem Kommentar$fherausgegeben von Anton Jirku 210 $aLeipzig$cDieterich'sche Verlag$d1937 215 $a62 p.$d22 cm 225 1 $aKlio$v38 610 0 $aToponimi$aPalestina 610 0 $aToponimi$aSiria 676 $a932$v21$zita 700 1$aJirku,$bAnton$0125452 801 0$aIT$bUNINA$gRICA$2UNIMARC 901 $aBK 912 $a990004597210403321 952 $a932 JIR 1$bBIBL.15399$fFLFBC 959 $aFLFBC 996 $aÄgyptischen Listen Palästinensischer und Syrischer Ortsnamen$9305990 997 $aUNINA